Prisms /
Theodor W. Adorno, miembro de la Escuela de Frankfurt, expone en esta obra una serie de estudios sobre cuestiones culturales desde un enfoque sociológico. Aborda a personajes que han influido en la cultura: Oswald Spengler, Benjamin Walter, Thorstein Veblen, Johann Sebastian Bach, Arnold Schoenberg,...
Đã lưu trong:
| Tác giả chính: | |
|---|---|
| Tác giả khác: | , |
| Định dạng: | Sách |
| Ngôn ngữ: | Tiếng Anh |
| Được phát hành: |
Cambridge, EUA :
Massachusetts Institute of Technology,
1982, c1967
|
| Phiên bản: | 2a edición |
| Loạt: | (Studies in Contemporary German Social Thought)
|
| Những chủ đề: | |
| Các nhãn: |
Không có thẻ, Là người đầu tiên thẻ bản ghi này!
|
MARC
| LEADER | 00000nam^a2200000^a^4500 | ||
|---|---|---|---|
| 001 | 000154317 | ||
| 005 | 20251003000000.0 | ||
| 009 | 20260310100350.977 | ||
| 020 | |a 0-262-01064-X | ||
| 037 | |a Acervo ITESO - Biblioteca | ||
| 041 | |a ING | ||
| 082 | |a 306. |b ADO | ||
| 100 | |a Adorno, Theodor W. |e (autor) | ||
| 245 | 1 | 0 | |a Prisms / |c T.W. Adorno ; pról. de Thomas McCarthy ; tr. por S.M. Weber, S. Weber. |
| 250 | |a 2a edición | ||
| 264 | 4 | |a Cambridge, EUA : |b Massachusetts Institute of Technology, |c 1982, c1967 | |
| 300 | |a 272 p. | ||
| 336 | |a texto |b txt |2 rdacontenido | ||
| 337 | |a sin mediación |b n |2 rdamedio | ||
| 338 | |a volumen |b nc |2 rdasoporte | ||
| 440 | 1 | |a (Studies in Contemporary German Social Thought) | |
| 520 | |a Theodor W. Adorno, miembro de la Escuela de Frankfurt, expone en esta obra una serie de estudios sobre cuestiones culturales desde un enfoque sociológico. Aborda a personajes que han influido en la cultura: Oswald Spengler, Benjamin Walter, Thorstein Veblen, Johann Sebastian Bach, Arnold Schoenberg, Hugo von Hofmannsthal, Aldous Huxley, George Stefan, Franz Kafka, Marcel Proust y Paul Valey. | ||
| 649 | |a XX | ||
| 650 | |a Filósofos Alemanes | ||
| 650 | |a Sociólogos Norteamericanos | ||
| 650 | |a Economistas Norteamericanos | ||
| 650 | |a Músicos Alemanes | ||
| 650 | |a Músicos Austríacos | ||
| 650 | |a Escritores Alemanes | ||
| 650 | |a Escritores Austríacos | ||
| 650 | |a Escritores Checos | ||
| 650 | |a Escritores Franceses | ||
| 650 | |a Escritores Ingleses | ||
| 650 | |a Escuela de Frankfurt | ||
| 650 | |a Filosofía del Siglo XX | ||
| 650 | |a Sociología - |z EUA - |x Historia - |y Siglo XX | ||
| 650 | |a Economía - |z EUA - |x Historia - |y Siglo XX | ||
| 650 | |a Museos y Galerías - |z Alemania - |x Historia - |y Siglo XX | ||
| 650 | |a Jazz - |x Historia y Crítica | ||
| 650 | |a Música Norteamericana - |x Historia y Crítica | ||
| 650 | |a Música Norteamericana - |y Siglo XX | ||
| 650 | |a Música Alemana - |x Historia y Crítica | ||
| 650 | |a Música Alemana - |y Siglo XVIII | ||
| 650 | |a Música Austríaca - |x Historia y Crítica | ||
| 650 | |a Música Austríaca - |y Siglo XX | ||
| 650 | |a Literatura Alemana - |x Historia y Crítica | ||
| 650 | |a Literatura Alemana - |y Siglo XX | ||
| 650 | |a Literatura Austríaca - |x Historia y Crítica | ||
| 650 | |a Literatura Austríaca - |y Siglo XX | ||
| 650 | |a Literatura Checa - |x Historia y Crítica | ||
| 650 | |a Literatura Checa - |y Siglo XX | ||
| 650 | |a Literatura Francesa - |x Historia y Crítica | ||
| 650 | |a Literatura Francesa - |y Siglo XX | ||
| 650 | |a Literatura Inglesa - |x Historia y Crítica | ||
| 650 | |a Literatura Inglesa - |y Siglo XX | ||
| 650 | |a Sociología del Conocimiento | ||
| 650 | |a Sociología de la Cultura | ||
| 650 | |a Spengler, Oswald | ||
| 650 | |a Benjamin, Walter | ||
| 650 | |a Veblen, Thorstein | ||
| 650 | |a Bach, Johann Sebastian | ||
| 650 | |a Schönberg, Arnold | ||
| 650 | |a Hofmannsthal, Hugo von | ||
| 650 | |a Huxley, Aldous | ||
| 650 | |a Stefan, George | ||
| 650 | |a Kafka, Franz | ||
| 650 | |a Proust, Marcel | ||
| 650 | |a Valéry, Paul | ||
| 700 | |a Weber, Samuel M. |e (traducción) | ||
| 700 | |a Weber, Shierry |e (traducción) | ||
| 910 | |a Fondo General | ||
| 920 | |a Impresos - Libros | ||
| 930 | |a Colección General | ||
| 905 | |a 101 | ||
| 901 | |a 0500086277 |b IT1 |c ACC |u 20250521 | ||
| 902 | |a https://opac.biblio.iteso.mx/vufind/Record/000154317 | ||